01013nam a2200241 i 45000010005000000030009000050050017000140080041000310200018000720800014000902450089001042600120001933000044003135000020003576500051003776500041004287000034004697100054005037100055005578520022006129990015006349520122006499324ES-MaACL20230906145642.0930805s1986 sp |||| | spa d a84-00-06112-8 a711(8.03)00aHistoria y futuro de la ciudad iberoamericana / cFrancisco de Solano (coordinador). aMadrid : bCentro de Estudios Históricos ; a[Santander] : bUniversidad Internacional Menéndez Pelayo, c1986. a183 p., 16 h. de lám. col. ; c21 cm. aBibliografía. 4aCiudades-zAmérica Latina-vHistoria.911071 aUrbanismo-zAmérica Latina.9176941 aSolano, Francisco de.91070782 aCentro de Estudios Históricos (1985-1999)926392 aUniversidad Internacional Menéndez Pelayo.97384 aES-MaACLjL-16904 c9324d9324 00104070aATENEOMbATENEOMcDEPO2d2008-01-17eSCl0oL-16904p1009515r2023-02-23 00:00:00w2023-02-23yMONOGRAFIA